01557nam a22003254a 4500001001200000003000800012006001900020007001500039008004100054020003500095040002100130035002100151043001200172050002200184082001800206100002800224245013400252260004300386300001100429504004100440505027500481533015200756650003900908650004000947650005500987655002901042710001701071856012601088999001701214ebr10298258CaPaEBRm u cr cn|||||||||021003s2003 cou sb 000 0 eng  z1555911293 (pbk. : alk. paper) aCaPaEBRcCaPaEBR a(OCoLC)614557138 an------14aE77b.B873 2003eb04a973.04/972211 aBruchac, Joseph,d1942-10aOur stories rememberh[electronic resource] :bAmerican Indian history, culture, & values through storytelling /cJoseph Bruchac. aGolden, Colo. :bFulcrum Pub.,cc2003. a192 p. aIncludes bibliographical references.0 aThe road of stories -- Who are we? -- Origins -- Spirit: life and death -- Trickster's turn -- Contact: the coming of Europeans -- Generations: parents, grandparents, children -- All is living around us: animal, people, and plants -- Epilogue: the drum is the heartbeat. aElectronic reproduction.bPalo Alto, Calif. :cebrary,d2013.nAvailable via World Wide Web.nAccess may be limited to ebrary affiliated libraries. 0aIndians of North AmericaxHistory. 0aIndians of North AmericavFolklore. 0aIndians of North AmericaxSocial life and customs. 7aElectronic books.2local2 aebrary, Inc.40uhttp://site.ebrary.com/lib/rucke/Doc?id=10298258zAn electronic book accessible through the World Wide Web; click to view c64363d64363